书目信息 |
| 题名: |
现代法理学
|
|
| 作者: | 赵震江 , 付子堂 著 | |
| 分册: | ||
| 出版信息: | 北京 北京大学出版社 1999.09 |
|
| 页数: | 523页 | |
| 开本: | 20cm | |
| 丛书名: | ||
| 单 册: | ||
| 中图分类: | D90 | |
| 科图分类: | ||
| 主题词: | ||
| 电子资源: | ||
| ISBN: | 7-301-04349-X | |
| 000 | 00563nam0 2200193 450 | |
| 001 | 0560113000 | |
| 005 | 20050913163232.91 | |
| 010 | @a7-301-04349-X@dCNY 27.00 | |
| 100 | @a20050901d1999 km y0chiy0120 ea | |
| 101 | 0 | @achi |
| 102 | @aCN@b110000 | |
| 200 | 1 | @a现代法理学@Axian dai fa li xue@f赵震江,付子堂著@Fzhao zhen jiang,fu zi tang zhu |
| 210 | @a北京@c北京大学出版社@d1999.09 | |
| 215 | @a523页@d20cm | |
| 690 | @aD90@v4 | |
| 701 | 0 | @a赵震江@Azhao zhen jiang@4著 |
| 701 | 0 | @a付子堂@Afu zi tang@4著 |
| 801 | 0 | @aCN@bPFT@c20050913 |
| 905 | @a10447@dD90@eZ340 | |
| 现代法理学/赵震江,付子堂著.-北京:北京大学出版社,1999.09 |
| 523页;20cm |
| ISBN 7-301-04349-X:CNY 27.00 |
| ● |
| 相关链接 |
|
|
|
正题名:现代法理学
索取号:D90/Z340
 
预约/预借
| 序号 | 登录号 | 条形码 | 馆藏地/架位号 | 状态 | 备注 |
| 1 | 552019 | 205520195 | 社科库509/509社科库 80排3列3层/ [索取号:D90/Z340] | 在馆 | |
| 2 | 552020 | 205520202 | 社科库509/400B社科库 14排1列1层/ [索取号:D90/Z340] | 在馆 | |
| 3 | 552021 | 205520211 | 社科库509/509社科库 80排3列3层/ [索取号:D90/Z340] | 在馆 |